[Event "T-Director's Swiss sytem"]
[Site "playchess.com #662980"]
[Date "2014.03.16"]
[Round "2"]
[White "Mr bh6"]
[Black "Kingston Town"]
[Result "1/2-1/2"]
[WhiteElo "2680"]
[BlackElo "2029"]
[PlyCount "119"]
[EventDate "2014.03.16"]
[EventType "swiss (blitz)"]

1. d4 {[%emt 0:00:01]} Nf6 {[%emt 0:00:01]} 2. c4 {[%emt 0:00:09]} g6 {[%emt 0:
00:01]} 3. Nc3 {[%emt 0:00:04]} Bg7 {[%emt 0:00:01]} 4. e4 {[%emt 0:00:01]} O-O
{[%emt 0:00:01]} 5. Nf3 {[%emt 0:00:03]} d6 {[%emt 0:00:01]} 6. Be2 {[%emt 0:
00:01]} c5 {[%emt 0:00:01]} 7. O-O {[%emt 0:00:00]} cxd4 {[%emt 0:00:01]} 8.
Nxd4 {[%emt 0:00:00]} Nc6 {[%emt 0:00:01]} 9. Be3 {[%emt 0:00:01]} Bd7 {[%emt
0:00:01]} 10. f3 {[%emt 0:00:02]} a5 {[%emt 0:00:04]} 11. Qd2 {[%emt 0:00:01]}
Nxd4 {[%emt 0:00:01]} 12. Bxd4 {[%emt 0:00:00]} Bc6 {[%emt 0:00:01]} 13. Rfd1 {
[%emt 0:00:01]} Nd7 {[%emt 0:00:01]} 14. Bxg7 {[%emt 0:00:03]} Kxg7 {[%emt 0:
00:01]} 15. Rac1 {[%emt 0:00:02]} Nc5 {[%emt 0:00:02]} 16. b3 {[%emt 0:00:02]}
b6 {[%emt 0:00:20]} 17. Kh1 {[%emt 0:00:04]} Qd7 {[%emt 0:00:01]} 18. f4 {
[%emt 0:00:16]} Qb7 {[%emt 0:00:15]} 19. Bf3 {[%emt 0:00:02]} f6 {[%emt 0:00:
14]} 20. Qe3 {[%emt 0:00:06]} Rad8 {[%emt 0:00:05]} 21. Ne2 {[%emt 0:00:01]}
Bxe4 {[%emt 0:00:08]} 22. Bxe4 {[%emt 0:00:10]} Qxe4 {[%emt 0:00:00]} 23. Qxe4
{[%emt 0:00:01]} Nxe4 {[%emt 0:00:00]} 24. Kg1 {[%emt 0:00:01]} e5 {[%emt 0:00:
03]} 25. Rd5 {[%emt 0:00:03]} Kf7 {[%emt 0:00:09]} 26. Rb5 {[%emt 0:00:16]} Rb8
{[%emt 0:00:03]} 27. Rf1 {[%emt 0:00:15]} Ke6 {[%emt 0:00:42]} 28. g4 {[%emt 0:
00:32]} Rfc8 {[%emt 0:00:13]} 29. Kg2 {[%emt 0:00:07]} Rc5 {[%emt 0:00:02]} 30.
Rxc5 {[%emt 0:00:07]} bxc5 {[%emt 0:00:01]} 31. Rd1 {[%emt 0:00:07]} a4 {[%emt
0:00:03]} 32. Rd3 {[%emt 0:00:04]} axb3 {[%emt 0:00:02]} 33. axb3 {[%emt 0:00:
04]} Ra8 {[%emt 0:00:14]} 34. Ng3 {[%emt 0:00:07]} Ra2+ {[%emt 0:00:16]} 35.
Kf3 {[%emt 0:00:01]} Nxg3 {[%emt 0:00:05]} 36. hxg3 {[%emt 0:00:00]} Rb2 {
[%emt 0:00:23]} 37. fxe5 {[%emt 0:00:15]} dxe5 {[%emt 0:00:12]} 38. Ke3 {[%emt
0:00:06]} f5 {[%emt 0:00:21]} 39. gxf5+ {[%emt 0:00:11]} gxf5 {[%emt 0:00:00]}
40. Rd5 {[%emt 0:00:01]} Rxb3+ {[%emt 0:00:03]} 41. Kf2 {[%emt 0:00:01]} h5 {
[%emt 0:00:07]} 42. Rxc5 {[%emt 0:00:05]} e4 {[%emt 0:00:00]} 43. Rc8 {[%emt 0:
00:13]} Rf3+ {[%emt 0:00:05]} 44. Kg2 {[%emt 0:00:04]} Rc3 {[%emt 0:00:01]} 45.
Kf2 {[%emt 0:00:05]} Ke5 {[%emt 0:00:08]} 46. Rc5+ {[%emt 0:00:07]} Kf6 {[%emt
0:00:04]} 47. Rc8 {[%emt 0:00:03]} Kg5 {[%emt 0:00:24]} 48. Rg8+ {[%emt 0:00:
05]} Kf6 {[%emt 0:00:01]} 49. Rc8 {[%emt 0:00:04]} Rf3+ {[%emt 0:00:03]} 50.
Kg2 {[%emt 0:00:04]} Ke5 {[%emt 0:00:00]} 51. c5 {[%emt 0:00:04]} Rc3 {[%emt 0:
00:02]} 52. c6 {[%emt 0:00:03]} Rc2+ {[%emt 0:00:03]} 53. Kf1 {[%emt 0:00:05]}
Kd6 {[%emt 0:00:15]} 54. Rh8 {[%emt 0:00:12]} Rxc6 {[%emt 0:00:04]} 55. Rxh5 {
[%emt 0:00:05]} Ke5 {[%emt 0:00:01]} 56. g4 {[%emt 0:00:09]} Rf6 {[%emt 0:00:
02]} 57. Ke2 {[%emt 0:00:05]} Kf4 {[%emt 0:00:08]} 58. gxf5 {[%emt 0:00:11]}
Rxf5 {[%emt 0:00:00]} 59. Rxf5+ {[%emt 0:00:03]} Kxf5 {[%emt 0:00:00]} 60. Ke3
{[%emt 0:00:00] Kingston Town offers a draw Mr bh6 offers a draw Arbiter
Decision (Draw by material), 1} 1/2-1/2

[Event "T-Director's Swiss sytem"]
[Site "playchess.com #662980"]
[Date "2014.03.16"]
[Round "6"]
[White "Mr bh6"]
[Black "Laxman"]
[Result "1-0"]
[WhiteElo "2677"]
[BlackElo "2595"]
[PlyCount "89"]
[EventDate "2014.03.16"]
[EventType "swiss (blitz)"]

1. d4 {[%emt 0:00:03]} Nf6 {[%emt 0:00:01]} 2. c4 {[%emt 0:00:03]} e6 {[%emt 0:
00:01]} 3. Nf3 {[%emt 0:00:07]} d5 {[%emt 0:00:01]} 4. Bg5 {[%emt 0:00:06]}
Bb4+ {[%emt 0:00:09]} 5. Nbd2 {[%emt 0:00:03]} O-O {[%emt 0:00:04]} 6. e3 {
[%emt 0:00:08]} Nbd7 {[%emt 0:00:04]} 7. Be2 {[%emt 0:00:19]} b6 {[%emt 0:00:
19]} 8. O-O {[%emt 0:00:07]} Bb7 {[%emt 0:00:02]} 9. Ne5 {[%emt 0:00:08]} Be7 {
[%emt 0:00:05]} 10. f4 {[%emt 0:00:11]} c5 {[%emt 0:00:05]} 11. Rc1 {[%emt 0:
00:07]} Rc8 {[%emt 0:00:18]} 12. Qa4 {[%emt 0:00:04]} a6 {[%emt 0:00:11]} 13.
Bf3 {[%emt 0:00:06]} Nxe5 {[%emt 0:00:14]} 14. dxe5 {[%emt 0:00:07]} Nd7 {
[%emt 0:00:39]} 15. Bxe7 {[%emt 0:00:02]} Qxe7 {[%emt 0:00:00]} 16. Rfd1 {
[%emt 0:00:00]} Bc6 {[%emt 0:00:04]} 17. Qc2 {[%emt 0:00:07]} f6 {[%emt 0:00:
09]} 18. cxd5 {[%emt 0:00:04]} exd5 {[%emt 0:00:02]} 19. e4 {[%emt 0:00:11]} d4
{[%emt 0:00:15]} 20. Qb3+ {[%emt 0:00:03]} Kh8 {[%emt 0:00:03]} 21. e6 {[%emt
0:00:01]} Nb8 {[%emt 0:00:12]} 22. f5 {[%emt 0:00:02]} b5 {[%emt 0:00:03]} 23.
Qa3 {[%emt 0:00:04]} b4 {[%emt 0:00:07]} 24. Qb3 {[%emt 0:00:03]} Bb5 {[%emt 0:
00:01]} 25. a4 {[%emt 0:00:04]} bxa3 {[%emt 0:00:03]} 26. bxa3 {[%emt 0:00:05]}
Nc6 {[%emt 0:00:21]} 27. a4 {[%emt 0:00:03]} Na5 {[%emt 0:00:01]} 28. Qc2 {
[%emt 0:00:03]} Be8 {[%emt 0:00:07]} 29. Nc4 {[%emt 0:00:01]} Nxc4 {[%emt 0:00:
09]} 30. Qxc4 {[%emt 0:00:00]} Qd6 {[%emt 0:00:11]} 31. Qd5 {[%emt 0:00:03]}
Qb6 {[%emt 0:00:05]} 32. Rxd4 {[%emt 0:00:14]} cxd4 {[%emt 0:00:12]} 33. Rxc8 {
[%emt 0:00:00]} Qb4 {[%emt 0:00:15]} 34. Qc4 {[%emt 0:00:08]} Qe1+ {[%emt 0:00:
20]} 35. Qf1 {[%emt 0:00:02]} Qe3+ {[%emt 0:00:09]} 36. Qf2 {[%emt 0:00:04]}
Qa3 {[%emt 0:00:10]} 37. Qxd4 {[%emt 0:00:04]} a5 {[%emt 0:00:01]} 38. h3 {
[%emt 0:00:03]} h6 {[%emt 0:00:01]} 39. Kh2 {[%emt 0:00:06]} Kh7 {[%emt 0:00:
03]} 40. Qc5 {[%emt 0:00:10]} Qxc5 {[%emt 0:00:06]} 41. Rxc5 {[%emt 0:00:00]}
Bxa4 {[%emt 0:00:00]} 42. Rxa5 {[%emt 0:00:00]} Bb3 {[%emt 0:00:01]} 43. Ra7 {
[%emt 0:00:14]} Re8 {[%emt 0:00:09]} 44. Bh5 {[%emt 0:00:04]} Rb8 {[%emt 0:00:
01]} 45. e7 {[%emt 0:00:02] Laxman resigns} 1-0

[Event "T-Director's Swiss sytem"]
[Site "playchess.com #662980"]
[Date "2014.03.16"]
[Round "9"]
[White "Mr bh6"]
[Black "Thej"]
[Result "1/2-1/2"]
[WhiteElo "2701"]
[BlackElo "2312"]
[PlyCount "115"]
[EventDate "2014.03.16"]
[EventType "swiss (blitz)"]

1. Nf3 {[%emt 0:00:01]} Nf6 {[%emt 0:00:02]} 2. d4 {[%emt 0:00:01]} c5 {[%emt
0:00:02]} 3. d5 {[%emt 0:00:02]} b5 {[%emt 0:00:03]} 4. Bg5 {[%emt 0:00:31]}
Ne4 {[%emt 0:00:03]} 5. Bf4 {[%emt 0:00:07]} Qa5+ {[%emt 0:00:10]} 6. c3 {
[%emt 0:00:02]} Bb7 {[%emt 0:00:15]} 7. e3 {[%emt 0:00:02]} Nf6 {[%emt 0:00:26]
} 8. d6 {[%emt 0:00:05]} exd6 {[%emt 0:00:02]} 9. Bxd6 {[%emt 0:00:02]} Bxd6 {
[%emt 0:00:17]} 10. Qxd6 {[%emt 0:00:00]} Qb6 {[%emt 0:00:01]} 11. Qxb6 {[%emt
0:00:04]} axb6 {[%emt 0:00:03]} 12. Bxb5 {[%emt 0:00:00]} Nc6 {[%emt 0:00:07]}
13. O-O {[%emt 0:00:07]} Ke7 {[%emt 0:00:03]} 14. Rd1 {[%emt 0:00:01]} d5 {
[%emt 0:00:02]} 15. Nbd2 {[%emt 0:00:04]} Rhd8 {[%emt 0:00:03]} 16. a4 {[%emt
0:00:02]} h6 {[%emt 0:00:09]} 17. Nh4 {[%emt 0:00:03]} g6 {[%emt 0:00:02]} 18.
Nhf3 {[%emt 0:00:03]} Ne4 {[%emt 0:00:05]} 19. h3 {[%emt 0:00:07]} f5 {[%emt 0:
00:04]} 20. Bxc6 {[%emt 0:00:12]} Bxc6 {[%emt 0:00:02]} 21. Ne5 {[%emt 0:00:00]
} Bxa4 {[%emt 0:00:03]} 22. Rxa4 {[%emt 0:00:05]} Rxa4 {[%emt 0:00:03]} 23.
Nc6+ {[%emt 0:00:01]} Kd7 {[%emt 0:00:11]} 24. Nxd8 {[%emt 0:00:00]} Kxd8 {
[%emt 0:00:07]} 25. Nxe4 {[%emt 0:00:02]} fxe4 {[%emt 0:00:05]} 26. Rxd5+ {
[%emt 0:00:00]} Ke7 {[%emt 0:00:03]} 27. Kh2 {[%emt 0:00:11]} Ra2 {[%emt 0:00:
04]} 28. Rd2 {[%emt 0:00:04]} Ke6 {[%emt 0:00:01]} 29. Kg3 {[%emt 0:00:01]} Ke5
{[%emt 0:00:01]} 30. f4+ {[%emt 0:00:03]} Ke6 {[%emt 0:00:03]} 31. Kg4 {[%emt
0:00:03]} b5 {[%emt 0:00:03]} 32. g3 {[%emt 0:00:04]} Kf6 {[%emt 0:00:03]} 33.
Rd6+ {[%emt 0:00:05]} Kf7 {[%emt 0:00:02]} 34. Rc6 {[%emt 0:00:08]} c4 {[%emt
0:00:03]} 35. Rc7+ {[%emt 0:00:13]} Kf6 {[%emt 0:00:02]} 36. Rc6+ {[%emt 0:00:
01]} Kf7 {[%emt 0:00:01]} 37. f5 {[%emt 0:00:00]} gxf5+ {[%emt 0:00:09]} 38.
Kxf5 {[%emt 0:00:00]} Rxb2 {[%emt 0:00:01]} 39. Rc7+ {[%emt 0:00:05]} Ke8 {
[%emt 0:00:03]} 40. Kxe4 {[%emt 0:00:03]} Rh2 {[%emt 0:00:11]} 41. h4 {[%emt 0:
00:01]} Rg2 {[%emt 0:00:01]} 42. Rg7 {[%emt 0:00:12]} Rc2 {[%emt 0:00:04]} 43.
Rb7 {[%emt 0:00:15]} Rxc3 {[%emt 0:00:04]} 44. Rxb5 {[%emt 0:00:01]} Rc1 {
[%emt 0:00:01]} 45. Rb6 {[%emt 0:00:09]} Rg1 {[%emt 0:00:04]} 46. Kf4 {[%emt 0:
00:15]} h5 {[%emt 0:00:10]} 47. Rc6 {[%emt 0:00:04]} Rc1 {[%emt 0:00:08]} 48.
Rc5 {[%emt 0:00:02]} c3 {[%emt 0:00:03]} 49. Ke4 {[%emt 0:00:07]} c2 {[%emt 0:
00:06]} 50. Kd3 {[%emt 0:00:12]} Rg1 {[%emt 0:00:02]} 51. Rxc2 {[%emt 0:00:06]}
Rxg3 {[%emt 0:00:02]} 52. Rc5 {[%emt 0:00:00]} Kf7 {[%emt 0:00:02]} 53. Rxh5 {
[%emt 0:00:07]} Rg4 {[%emt 0:00:06]} 54. Rf5+ {[%emt 0:00:02]} Ke6 {[%emt 0:00:
04]} 55. Rf4 {[%emt 0:00:02]} Rg1 {[%emt 0:00:02]} 56. Ke4 {[%emt 0:00:02]} Ra1
{[%emt 0:00:06]} 57. h5 {[%emt 0:00:02]} Rh1 {[%emt 0:00:03] Mr bh6 offers a
draw} 58. Rg4 {[%emt 0:00:14]} 1/2-1/2

[Event "T-Director's Swiss sytem"]
[Site "playchess.com #662980"]
[Date "2014.03.16"]
[Round "4"]
[White "Muzio44"]
[Black "Holzpferdchen"]
[Result "1-0"]
[WhiteElo "1703"]
[BlackElo "1445"]
[PlyCount "67"]
[EventDate "2014.03.16"]
[EventType "swiss (blitz)"]

1. e4 {[%emt 0:00:03]} e5 {[%emt 0:00:25]} 2. f4 {[%emt 0:00:03]} exf4 {[%emt
0:00:13]} 3. Nf3 {[%emt 0:00:03]} h6 {[%emt 0:00:08]} 4. Bc4 {[%emt 0:00:02]}
d6 {[%emt 0:00:03]} 5. d4 {[%emt 0:00:01]} g5 {[%emt 0:00:02]} 6. O-O {[%emt 0:
00:01]} Bg7 {[%emt 0:00:01]} 7. c3 {[%emt 0:00:08]} Nf6 {[%emt 0:00:06]} 8. e5
{[%emt 0:00:32]} Ne4 {[%emt 0:00:11]} 9. Qb3 {[%emt 0:00:26]} O-O {[%emt 0:00:
10]} 10. e6 {[%emt 0:00:25]} Nc6 {[%emt 0:00:23]} 11. exf7+ {[%emt 0:00:09]}
Kh8 {[%emt 0:00:02]} 12. Qc2 {[%emt 0:01:13]} d5 {[%emt 0:00:14]} 13. Bd3 {
[%emt 0:00:19]} Bf5 {[%emt 0:00:04]} 14. Nbd2 {[%emt 0:00:04]} Qe7 {[%emt 0:00:
15]} 15. Re1 {[%emt 0:00:13]} Qxf7 {[%emt 0:00:21]} 16. Nxe4 {[%emt 0:00:48]}
dxe4 {[%emt 0:00:08]} 17. Bxe4 {[%emt 0:00:01]} Bxe4 {[%emt 0:00:06]} 18. Rxe4
{[%emt 0:00:19]} Rae8 {[%emt 0:00:01]} 19. Rxe8 {[%emt 0:00:10]} Rxe8 {[%emt 0:
00:02]} 20. Bd2 {[%emt 0:00:03]} Ne7 {[%emt 0:00:09]} 21. Re1 {[%emt 0:00:12]}
Nd5 {[%emt 0:00:02]} 22. Qb3 {[%emt 0:00:20]} Rxe1+ {[%emt 0:00:05]} 23. Nxe1 {
[%emt 0:00:02]} b6 {[%emt 0:00:15] '} 24. Kf2 {[%emt 0:00:02]} Kg8 {[%emt 0:00:
03]} 25. Nf3 {[%emt 0:00:01]} a5 {[%emt 0:00:10]} 26. Qb5 {[%emt 0:00:02]} Qe6
{[%emt 0:00:08]} 27. Qd3 {[%emt 0:00:02]} Kf7 {[%emt 0:00:05]} 28. b3 {[%emt 0:
00:01]} Nf6 {[%emt 0:00:08]} 29. c4 {[%emt 0:00:02]} Ne4+ {[%emt 0:00:01]} 30.
Kf1 {[%emt 0:00:02]} Nxd2+ {[%emt 0:00:05]} 31. Nxd2 {[%emt 0:00:01]} Qf6 {
[%emt 0:00:04]} 32. Nf3 {[%emt 0:00:02]} c5 {[%emt 0:00:03]} 33. Ne5+ {[%emt 0:
00:04]} Kf8 {[%emt 0:00:05]} 34. Nd7+ {[%emt 0:00:02] Holzpferdchen gibt auf}
1-0

[Event "T-Director's Swiss sytem"]
[Site "playchess.com #662980"]
[Date "2014.03.16"]
[Round "8"]
[White "Muzio44"]
[Black "KARIM2007"]
[Result "1-0"]
[WhiteElo "1751"]
[BlackElo "1974"]
[PlyCount "93"]
[EventDate "2014.03.16"]
[EventType "swiss (blitz)"]

1. e4 {[%emt 0:00:01]} Nf6 {[%emt 0:00:01]} 2. Bc4 {[%emt 0:00:02]} Nxe4 {
[%emt 0:00:08]} 3. Bxf7+ {[%emt 0:00:01]} Kxf7 {[%emt 0:00:03]} 4. Qh5+ {[%emt
0:00:01]} Kg8 {[%emt 0:00:06]} 5. Qd5+ {[%emt 0:00:02]} e6 {[%emt 0:00:00]} 6.
Qxe4 {[%emt 0:00:01]} d5 {[%emt 0:00:14]} 7. Qe2 {[%emt 0:00:02]} Bd6 {[%emt 0:
00:04]} 8. d4 {[%emt 0:00:01]} Nc6 {[%emt 0:00:05]} 9. Nf3 {[%emt 0:00:02]} Qf6
{[%emt 0:00:08]} 10. c3 {[%emt 0:00:03]} h6 {[%emt 0:00:06]} 11. O-O {[%emt 0:
00:05]} Bd7 {[%emt 0:00:01]} 12. Be3 {[%emt 0:00:08]} Re8 {[%emt 0:00:02]} 13.
Nbd2 {[%emt 0:00:04]} Kh7 {[%emt 0:00:03]} 14. Qd3+ {[%emt 0:00:04]} Qg6 {
[%emt 0:00:05]} 15. Qxg6+ {[%emt 0:00:25]} Kxg6 {[%emt 0:00:00]} 16. Nh4+ {
[%emt 0:00:07]} Kh7 {[%emt 0:00:09]} 17. f4 {[%emt 0:00:02]} Rhf8 {[%emt 0:00:
23]} 18. g3 {[%emt 0:00:03]} Ne7 {[%emt 0:00:06]} 19. Ndf3 {[%emt 0:00:08]} Ng8
{[%emt 0:00:25]} 20. Ne5 {[%emt 0:00:33]} Bc8 {[%emt 0:00:04]} 21. Rae1 {[%emt
0:00:11]} Nf6 {[%emt 0:00:02]} 22. Nhg6 {[%emt 0:00:19]} Rg8 {[%emt 0:00:09]}
23. Bc1 {[%emt 0:00:12]} Ne4 {[%emt 0:00:12]} 24. Kg2 {[%emt 0:00:04]} c5 {
[%emt 0:00:06]} 25. dxc5 {[%emt 0:00:16]} Bxc5 {[%emt 0:00:06]} 26. Be3 {[%emt
0:00:01]} Bxe3 {[%emt 0:00:04]} 27. Rxe3 {[%emt 0:00:00]} b6 {[%emt 0:00:09]}
28. Rd1 {[%emt 0:00:08]} Bb7 {[%emt 0:00:03]} 29. Nh4 {[%emt 0:00:33]} g5 {
[%emt 0:01:13]} 30. fxg5 {[%emt 0:00:06]} Nxg5 {[%emt 0:00:03]} 31. Nhf3 {
[%emt 0:00:04]} Nxf3 {[%emt 0:00:07]} 32. Nxf3 {[%emt 0:00:02]} Rgf8 {[%emt 0:
00:17]} 33. Kg1 {[%emt 0:00:07]} Rf5 {[%emt 0:00:38]} 34. Rde1 {[%emt 0:00:03]}
Rf6 {[%emt 0:00:21]} 35. Nd4 {[%emt 0:00:02]} Bc8 {[%emt 0:00:02]} 36. Re5 {
[%emt 0:00:05]} Kg7 {[%emt 0:00:01]} 37. Rxd5 {[%emt 0:00:05]} exd5 {[%emt 0:
00:05]} 38. Rxe8 {[%emt 0:00:02]} Bg4 {[%emt 0:00:03]} 39. Re7+ {[%emt 0:00:08]
} Rf7 {[%emt 0:00:01]} 40. Rxf7+ {[%emt 0:00:01]} Kxf7 {[%emt 0:00:00]} 41. Kf2
{[%emt 0:00:01]} Bd1 {[%emt 0:00:02]} 42. Ke3 {[%emt 0:00:02]} Kf6 {[%emt 0:00:
02]} 43. Kf4 {[%emt 0:00:01]} a6 {[%emt 0:00:04]} 44. Nc6 {[%emt 0:00:07]} a5 {
[%emt 0:00:07]} 45. Nd4 {[%emt 0:00:10]} Bh5 {[%emt 0:00:11]} 46. Nf5 {[%emt 0:
00:03]} Kg6 {[%emt 0:00:07]} 47. g4 {[%emt 0:00:01] KARIM2007 resigns} 1-0

[Event "T-Director's Swiss sytem"]
[Site "playchess.com #662980"]
[Date "2014.03.16"]
[Round "3"]
[White "Muzio44"]
[Black "Pikaboom"]
[Result "0-1"]
[WhiteElo "1708"]
[BlackElo "2013"]
[PlyCount "34"]
[EventDate "2014.03.16"]
[EventType "swiss (blitz)"]

1. e4 {[%emt 0:00:00]} e5 {[%emt 0:00:03]} 2. f4 {[%emt 0:00:01]} Nc6 {[%emt 0:
00:01]} 3. Nf3 {[%emt 0:00:02]} Bc5 {[%emt 0:00:03]} 4. Bc4 {[%emt 0:00:02]} d6
{[%emt 0:00:02]} 5. b4 {[%emt 0:00:04]} Nxb4 {[%emt 0:00:11]} 6. c3 {[%emt 0:
00:09]} Nc6 {[%emt 0:00:02]} 7. Qb3 {[%emt 0:00:45]} Nh6 {[%emt 0:00:03]} 8. f5
{[%emt 0:00:10]} O-O {[%emt 0:00:04]} 9. d4 {[%emt 0:00:17]} exd4 {[%emt 0:00:
02]} 10. Bxh6 {[%emt 0:00:06]} gxh6 {[%emt 0:00:01]} 11. cxd4 {[%emt 0:00:02]}
Nxd4 {[%emt 0:00:02]} 12. Nxd4 {[%emt 0:00:04]} Bxd4 {[%emt 0:00:00]} 13. Nc3 {
[%emt 0:00:10]} Qh4+ {[%emt 0:00:14]} 14. g3 {[%emt 0:00:05]} Qg5 {[%emt 0:00:
01]} 15. Be2 {[%emt 0:01:22]} Qe3 {[%emt 0:00:04]} 16. Nd1 {[%emt 0:00:14]}
Qxb3 {[%emt 0:00:02]} 17. axb3 {[%emt 0:00:03]} Bxa1 {[%emt 0:00:01] Muzio44
resigns} 0-1

[Event "T-Director's Swiss sytem"]
[Site "playchess.com #662980"]
[Date "2014.03.16"]
[Round "6"]
[White "Muzio44"]
[Black "Ultimatewinner_a"]
[Result "1-0"]
[WhiteElo "1727"]
[BlackElo "2020"]
[PlyCount "135"]
[EventDate "2014.03.16"]
[EventType "swiss (blitz)"]

1. e4 {[%emt 0:00:01]} e5 {[%emt 0:00:04]} 2. f4 {[%emt 0:00:01]} d5 {[%emt 0:
00:07]} 3. exd5 {[%emt 0:00:01]} Qxd5 {[%emt 0:00:02]} 4. Nc3 {[%emt 0:00:01]}
Qe6 {[%emt 0:00:03]} 5. fxe5 {[%emt 0:00:05]} Qxe5+ {[%emt 0:00:02]} 6. Qe2 {
[%emt 0:00:01]} Bd6 {[%emt 0:00:03]} 7. Nf3 {[%emt 0:00:03]} Qxe2+ {[%emt 0:00:
03]} 8. Bxe2 {[%emt 0:00:01]} Ne7 {[%emt 0:00:01]} 9. O-O {[%emt 0:00:03]} c6 {
[%emt 0:00:05]} 10. Ne4 {[%emt 0:00:04]} Bc7 {[%emt 0:00:03]} 11. d4 {[%emt 0:
00:11]} Bf5 {[%emt 0:00:02]} 12. Bd3 {[%emt 0:00:12]} Nd7 {[%emt 0:00:09]} 13.
Nfg5 {[%emt 0:00:06]} Bg6 {[%emt 0:00:04]} 14. Bf4 {[%emt 0:00:30]} Bxf4 {
[%emt 0:00:19]} 15. Rxf4 {[%emt 0:00:01]} Nd5 {[%emt 0:00:01]} 16. Nd6+ {[%emt
0:00:29]} Ke7 {[%emt 0:00:08]} 17. Nf5+ {[%emt 0:00:15]} Kf6 {[%emt 0:00:09]}
18. Ne4+ {[%emt 0:00:41]} Ke6 {[%emt 0:00:29]} 19. Nxg7+ {[%emt 0:00:14]} Ke7 {
[%emt 0:00:08]} 20. Nf5+ {[%emt 0:00:02]} Kd8 {[%emt 0:00:12]} 21. Rf2 {[%emt
0:00:15]} Kc7 {[%emt 0:00:14]} 22. Raf1 {[%emt 0:00:05]} Bxf5 {[%emt 0:00:27]}
23. Rxf5 {[%emt 0:00:02]} Ne3 {[%emt 0:00:02]} 24. Rxf7 {[%emt 0:00:01]} Nxf1 {
[%emt 0:00:02]} 25. Bxf1 {[%emt 0:00:06]} Raf8 {[%emt 0:00:07]} 26. Rg7 {[%emt
0:00:07]} b6 {[%emt 0:00:16]} 27. Bc4 {[%emt 0:00:04]} Kd8 {[%emt 0:00:17]} 28.
Ng5 {[%emt 0:00:04]} Ke8 {[%emt 0:00:26]} 29. Be6 {[%emt 0:00:36]} Nf6 {[%emt
0:00:19]} 30. Rxa7 {[%emt 0:00:05]} h6 {[%emt 0:00:09]} 31. Nf3 {[%emt 0:00:07]
} Rh7 {[%emt 0:00:04]} 32. Ra8+ {[%emt 0:00:11]} Ke7 {[%emt 0:00:02]} 33. Rxf8
{[%emt 0:00:03]} Kxf8 {[%emt 0:00:01]} 34. Ne5 {[%emt 0:00:05]} Ke7 {[%emt 0:
00:18]} 35. Bf5 {[%emt 0:00:01]} Rh8 {[%emt 0:00:13]} 36. Ng6+ {[%emt 0:00:02]}
Kd6 {[%emt 0:00:03]} 37. Nxh8 {[%emt 0:00:01]} Kd5 {[%emt 0:00:01]} 38. c3 {
[%emt 0:00:04]} Kc4 {[%emt 0:00:01]} 39. Be6+ {[%emt 0:00:04]} Nd5 {[%emt 0:00:
01]} 40. Ng6 {[%emt 0:00:07]} b5 {[%emt 0:00:02]} 41. Kf2 {[%emt 0:00:05]} b4 {
[%emt 0:00:01]} 42. Bxd5+ {[%emt 0:00:06]} cxd5 {[%emt 0:00:02]} 43. cxb4 {
[%emt 0:00:01]} Kxd4 {[%emt 0:00:02]} 44. Nf4 {[%emt 0:00:05]} Kc4 {[%emt 0:00:
02]} 45. b5 {[%emt 0:00:03]} Kxb5 {[%emt 0:00:01]} 46. Nxd5 {[%emt 0:00:01]} h5
{[%emt 0:00:00]} 47. Nf6 {[%emt 0:00:02]} h4 {[%emt 0:00:01]} 48. g3 {[%emt 0:
00:02]} h3 {[%emt 0:00:01]} 49. g4 {[%emt 0:00:01]} Kc4 {[%emt 0:00:00]} 50.
Kg3 {[%emt 0:00:01]} Kd3 {[%emt 0:00:00]} 51. Kxh3 {[%emt 0:00:03]} Ke3 {[%emt
0:00:00]} 52. a4 {[%emt 0:00:01]} Kf2 {[%emt 0:00:00]} 53. a5 {[%emt 0:00:01]}
Kg1 {[%emt 0:00:00]} 54. a6 {[%emt 0:00:01]} Kf2 {[%emt 0:00:00]} 55. a7 {
[%emt 0:00:01]} Kg1 {[%emt 0:00:01]} 56. a8=Q {[%emt 0:00:03]} Kf2 {[%emt 0:00:
00]} 57. Qg2+ {[%emt 0:00:02]} Ke3 {[%emt 0:00:01]} 58. Qe4+ {[%emt 0:00:01]}
Kf2 {[%emt 0:00:01]} 59. Qf4+ {[%emt 0:00:02]} Kg1 {[%emt 0:00:00]} 60. Qg3+ {
[%emt 0:00:02]} Kf1 {[%emt 0:00:02]} 61. Qg2+ {[%emt 0:00:01]} Ke1 {[%emt 0:00:
01]} 62. Kg3 {[%emt 0:00:01]} Kd1 {[%emt 0:00:01]} 63. Kf3 {[%emt 0:00:01]} Kc1
{[%emt 0:00:01]} 64. Ke3 {[%emt 0:00:02]} Kb1 {[%emt 0:00:01]} 65. b4 {[%emt 0:
00:01]} Ka1 {[%emt 0:00:02]} 66. Kd3 {[%emt 0:00:01]} Kb1 {[%emt 0:00:01]} 67.
Kc3 {[%emt 0:00:01]} Ka1 {[%emt 0:00:01]} 68. Qb2# {[%emt 0:00:01]} 1-0